000 00635nam a22001337a 4500
040 _cRUA
082 _aAGR YEN 2017 B633 Or.1
100 _aYEN SOLEDA យិន​​​ សូលីដា
245 _aApplication of different compost tea rates on growth and yield of radish ការប្រើប្រាស់កប៉ុស្ដិ៍តែទៅលើការលូតលាស់និងទិន្នផលដំណាំឆៃថាវ
260 _aRUA
_bphnom penh
_c2017
300 _ax;42p
_bill;
_c29cm
856 _uhttps://drive.google.com/file/d/1zvYJwlvhM4N1IQWO4ixr27zwNfY02vuH/view?usp=sharing
942 _cAGR
999 _c17967
_d17967